| 000 | 00895nam a2200217Ia 4500 | ||
|---|---|---|---|
| 001 | 22934 | ||
| 003 | GE_BSU | ||
| 008 | 181216s||||||||xx |||||||||||||| ||und|| | ||
| 040 | _cGE_BSU | ||
| 245 | _aსვეტიცხოველი. სამეცნიერო საისტორიო ჟურნალი. №1. 2016 | ||
| 245 | _cმთ. რედ. ა. ჯაფარიძე | ||
| 260 | _aთბილისი | ||
| 260 | _bტექნიკური უნივერსიტეტი | ||
| 260 | _c2016 | ||
| 300 | _a198 გვ. ; 30 სმ. ილ. | ||
| 300 | _eბიბლ. გვ.198 | ||
| 653 | _aპერიოდიკა | ||
| 653 | _aრელიგია. ქრისტიანობა | ||
| 653 | _aსვეტიცხოველი. სამეცნიერო საისტორიო ჟურნალი. №1. 2016 | ||
| 942 | _cCR | ||
| 999 |
_c55837 _d55837 |
||